000 00978nam a22000977a 4500
008 160502b xxu||||| |||| 00| 0 eng d
100 _aTrojan, Martin
245 _aKatalog Protektorat Cechy a Morava, Slovensky stat, Sudety
_bCatalog of postage stamps of the Protectorate of Bohemia and Moravia, Slovakia, and the Sudenland
260 _aPrague
_bFilatelie Trojan
_c1995
650 _aCzechoslovakia -- Bohemia and Moravia | Slovak Republic (1939-1945) | Germany -- Occupation of Bohemia and Moravia | Germany -- Occupation of Czechoslovakia | Czechoslovakia -- Sudetenland | Catalogs and Price Lists | Production | Errors and Varieties | Printing | Plate Blocks and Numbers | Plates and Plating | Postal Issues | Postal Stationery | Cards | Reply Cards | Reply Cards and Envelopes | Letter Cards | Telegrams | Postal Forms | International Reply Coupons | Overprints and Surcharges | Occupation Issues | Postal Markings | Anniversaries, Celebrations, etc. | Postal Rates | Bibliographies
999 _c1944
_d1944